Citations des Héros de Marvel - Statistiques

Statistiques générales
  • Ce quiz a été pris 2 713 fois
  • Le résultat moyen est 10 sur 15
Statistiques - réponses
Question Réponse % Correct
Je s'appelle Groot ! Groot
96%
Avengers Rassemblement ! Captain America
93%
Un génie, milliardaire, play-boy, philanthrope. Tony Stark
88%
- Je suis Inéluctable. - Je... Suis... Iron Man. Tony Stark
87%
Je suis au beau milieu d'un interrogatoire. Natasha Romanov
85%
En fait, je suis seulement né hier. Vision
83%
Je prend jamais mon portefeuille quand je travaille. Ca déforme le costume. Deadpool
82%
Je t'aime plus que 3 x 1 000. Morgan Stark
77%
A dans une minute... Natasha Romanov
68%
La peur des autres, j'y peu rien. Y a que le mienne que je contrôler. Wanda Maximoff
57%
Si tu passe cette porte, tu es un Avengers. Clint Barton
53%
Oh je suis désolé, il est encore coincé. Où est-ce que je le mets ? Peter Quill
51%
C'est une couronne ce truc ? Je croyais que c'était un monosourcil. Thor
48%
La Souffrance est une vieille connaissance. Steven Strange
44%
La victoire au prix du sang des innocents n’est pas la victoire de la justice, c’est la victoire de la honte. T'Chaka
25%
Aucun quiz correspondant
Distribution des résultats
% des personnes avec chaque résultat
Percentile par nombre de réponses
Votre historique - résultats
Vous n’avez pas pris ce quiz